<?xml version="1.0" encoding="UTF-8"?><?xml-stylesheet type="text/xsl" href="static/style.xsl"?><OAI-PMH xmlns="http://www.openarchives.org/OAI/2.0/" xmlns:xsi="http://www.w3.org/2001/XMLSchema-instance" xsi:schemaLocation="http://www.openarchives.org/OAI/2.0/ http://www.openarchives.org/OAI/2.0/OAI-PMH.xsd"><responseDate>2026-06-02T16:17:37Z</responseDate><request verb="GetRecord" identifier="oai:riuma.uma.es:10630/39828" metadataPrefix="marc">https://riuma.uma.es/rest/oai/request</request><GetRecord><record><header><identifier>oai:riuma.uma.es:10630/39828</identifier><datestamp>2026-02-03T12:12:43Z</datestamp><setSpec>com_10630_2254</setSpec><setSpec>col_10630_37959</setSpec></header><metadata><record xmlns="http://www.loc.gov/MARC21/slim" xmlns:dcterms="http://purl.org/dc/terms/" xmlns:doc="http://www.lyncode.com/xoai" xmlns:xsi="http://www.w3.org/2001/XMLSchema-instance" xsi:schemaLocation="http://www.loc.gov/MARC21/slim http://www.loc.gov/standards/marcxml/schema/MARC21slim.xsd">
   <leader>00925njm 22002777a 4500</leader>
   <datafield ind2=" " ind1=" " tag="042">
      <subfield code="a">dc</subfield>
   </datafield>
   <datafield ind2=" " ind1=" " tag="720">
      <subfield code="a">Cañamero-Cebrián, Fernando</subfield>
      <subfield code="e">author</subfield>
   </datafield>
   <datafield ind2=" " ind1=" " tag="720">
      <subfield code="a">Galindo-Larrahondo, Jorge Armando</subfield>
      <subfield code="e">author</subfield>
   </datafield>
   <datafield ind2=" " ind1=" " tag="720">
      <subfield code="a">Ramírez-Losilla, Enrique</subfield>
      <subfield code="e">author</subfield>
   </datafield>
   <datafield ind2=" " ind1=" " tag="720">
      <subfield code="a">Pérez-Colodrero, Rosario Mercedes</subfield>
      <subfield code="e">author</subfield>
   </datafield>
   <datafield ind2=" " ind1=" " tag="720">
      <subfield code="a">Bazaga-García, Montse</subfield>
      <subfield code="e">author</subfield>
   </datafield>
   <datafield ind2=" " ind1=" " tag="720">
      <subfield code="a">Olivera-Pastor, Pascual</subfield>
      <subfield code="e">author</subfield>
   </datafield>
   <datafield ind2=" " ind1=" " tag="720">
      <subfield code="a">Cabeza-Díaz, Aurelio</subfield>
      <subfield code="e">author</subfield>
   </datafield>
   <datafield ind2=" " ind1=" " tag="260">
      <subfield code="c">2025</subfield>
   </datafield>
   <datafield ind2=" " ind1=" " tag="520">
      <subfield code="a">Metal phosphonates (MPs), a subclass of coordination polymers, are distinguished by&#xd;
their acidic functional groups, such as –P–OH, –SO₃H, and –COOH. Combined with their&#xd;
chemical and thermal stability, commercial availability, and synthetic versatility, these&#xd;
features make MPs particularly appealing for fuel cell applications. They have shown&#xd;
remarkable potential not only as proton-conductive materials for proton exchange&#xd;
membrane fuel cells (PEMFCs), but also as precursors to metal diphosphate-based proton conductors suitable for intermediate-temperature fuel cells (ITFCs), between 100 and 300 ºC.&#xd;
In this work, we present the synthesis and characterization of a novel family of&#xd;
amorphous tin(IV) phosphonates, Sn[(COOH-CH2)N((CH2-PO(OH)2)2](OH)0.8 (H₂O)3&#xd;
(SnBPMGLY); doped with variable amounts (0.1 - 0.3) of Al3+ or Mg2+ ions. Both, undoped&#xd;
and doped materials, were subjected to pyrolytic treatment at 750 °C in air, resulting&#xd;
predominantly in tin(IV) pyrophosphates with slight compositional variations.&#xd;
All materials were thoroughly characterized with respect to their proton conduction&#xd;
properties. The as-synthesized undoped material, SnBPMGLY, exhibited notable&#xd;
conductivity, reaching up to 5.05 × 10⁻⁴ S·cm-1, at 90 °C and 95% relative humidity (RH).&#xd;
After pyrolysis, the resulting tin pyrophosphates showed higher proton conductivities, with&#xd;
values up to 1.3 × 10⁻² S·cm-1 in the case of Sn0.8Al0.2BPMGLY Δ750 ºC under the same &#xd;
conditions. The low activation energy values (E &lt; 0.35 eV) determined from the Arrhenius a&#xd;
plots suggest a water-mediated Grotthuss proton transfer mechanism. Current efforts are&#xd;
focused on evaluating the performance of these pyrolyzed materials at intermediate&#xd;
temperature (125–300 °C) under high vapor pressure conditions.</subfield>
   </datafield>
   <datafield ind1="8" ind2=" " tag="024">
      <subfield code="a">https://hdl.handle.net/10630/39828</subfield>
   </datafield>
   <datafield tag="653" ind2=" " ind1=" ">
      <subfield code="a">Compuestos organofosforados</subfield>
   </datafield>
   <datafield tag="653" ind2=" " ind1=" ">
      <subfield code="a">Conductividad eléctrica</subfield>
   </datafield>
   <datafield ind2="0" ind1="0" tag="245">
      <subfield code="a">Proton conductivity properties of tin(IV) N,Nbis( phosphonomethyl)glycine phosphonates and their pyrophosphate-based derivatives</subfield>
   </datafield>
</record>
</metadata></record></GetRecord></OAI-PMH>